Seguridad regional: panorama y perspectivas /

Gespeichert in:
Bibliographische Detailangaben
1. Verfasser: Rojas Saavedra, Patricio
Format: Text
Schlagworte:
Tags: Tag hinzufügen
Keine Tags, Fügen Sie den ersten Tag hinzu!

MARC

LEADER 00000 a a2200000 04500
001 7663
003
040
100 |a Rojas Saavedra, Patricio  
245 |a Seguridad regional:   |b panorama y perspectivas /  |c Patricio Rojas Saavedra 
650 |a SEGURIDAD  
650 |a COOPERACION INTERNACIONAL  
650 |a FUERZAS ARMADAS  
650 |a MERCADOS COMUNES  
650 |a DEFENSA  
773 |g volumen 30, número 119 -120; páginas 407-422  
999 |c 27125  |d 27125